00788nam a22002057a 4500999001900000005001700019010001300036020002600049035001300075037000900088082001000097100001700107245011000124260003300234270006300267300002600330500004900356942002900405952014800434 c179309d17930920210604163053.0 aB-739993 a9788178241180c395.00 aB-739993 bGift14a306.71 aGupta, Charu aSexuality, obscenity, community:bwomen, Muslims and the Hindu public in colonial India /cby Charu Gupta aDelhibPermanent Blackc2012 aD-28, Oxford Apartments, 11, I.P. ExtensionbDelhie110092 axii, 388p.c22cm(pbk) aIncludes bibliographical references & index adplcEN2ddch306.7mGUP 001040708NFICaAVbAVd2021-06-04eGift/Eng/03-05-2021g395.00l0o306.7 GUPpB-739993r2021-06-04 00:00:00t1v395.00w2021-06-04yENzGift